|
|
|
|
| LEADER |
01256aam a22003738a 4500 |
| 001 |
000015162 |
| 003 |
11538 |
| 005 |
20120523070548.0 |
| 008 |
120523s2006 viesd |
| 020 |
|
|
|c 263000đ
|d 1000b
|
| 041 |
|
|
|a vie
|
| 082 |
1 |
4 |
|a 335.501
|b HO-M
|
| 084 |
|
|
|a A37
|b C455T
|
| 100 |
0 |
|
|a Hồ Chí Minh
|
| 245 |
|
|
|a Tácc phẩm Hồ Chí Minh
|c B.s.: Hoàng Minh Nhân, Nguyễn Bá Ngọc
|
| 260 |
|
|
|a H.
|b Lao động
|c 2006
|
| 300 |
|
|
|a 456 tr
|c 24cm
|
| 490 |
|
|
|a Cẩm nang Tra cứu tổng hợp Hồ Chí Minh
|
| 600 |
|
7 |
|2 Bộ TK TVQG
|a Hồ Chí Minh
|c Chính trị gia
|y 1890-1969
|z Việt Nam
|
| 650 |
|
7 |
|2 Bộ TK TVQG
|
| 650 |
|
7 |
|2 Bộ TK TVQG
|
| 653 |
|
|
|a Tác phẩm
|
| 653 |
|
|
|a Hồ Chí Minh
|
| 700 |
1 |
|
|a Nguyễn Bá Ngọc
|a Hoàng Minh Nhân
|e b.s.
|
| OWN |
|
|
|a LSP
|
| AVA |
|
|
|a UDN50
|b LSP
|d 335.501 HO-M
|e available
|t Error 5001 Not defined in file expand_doc_bib_avail.
|f 2
|g 0
|h N
|i 0
|k 1
|
| 999 |
|
|
|a From the UDN01
|
| AVA |
|
|
|a UDN50
|b LSP
|d 335.501 HO-M
|e available
|t Error 5001 Not defined in file expand_doc_bib_avail.
|f 2
|g 0
|h N
|i 0
|k 1
|
| TYP |
|
|
|a Monograph
|
| TYP |
|
|
|a Printed language
|
| 980 |
|
|
|a Mạng thư viện Đại học Đà Nẵng
|